| 000 | 00660nam a2200217Ia 4500 | ||
|---|---|---|---|
| 003 | GCL | ||
| 008 | 140319s9999 xx 000 0 ara d | ||
| 040 |
_aGCL / _cGCL |
||
| 082 | 0 | 4 |
_a811.9 _bم.ث |
| 100 | 1 | _aهشام شرابى | |
| 245 | 1 | 0 |
_aالثقافة العربية فى المهجر / _cهشام شرابى |
| 700 | 1 | _aسميح فرسون | |
| 700 | 1 | _aمحمد اركون | |
| 260 |
_a[S.N] : _bدار توبقال للنشر ، _c197 |
||
| 300 | _a174 ص | ||
| 490 |
_aسلسلة معالم _v0 |
||
| 650 | 0 | 4 | _aالادب العربى |
| 650 | 0 | 4 | _aالمهجر |
| 650 | 0 | 4 | _aالادباء العرب فى المهجر |
| 942 |
_2ddc _cBK |
||
| 999 |
_c54395 _d54395 |
||